| 000 | 00709nam a22002657a 4500 | ||
|---|---|---|---|
| 003 | OSt | ||
| 005 | 20160213100604.0 | ||
| 008 | 130201t xxu||||| |||| 00| 0 eng d | ||
| 020 | _a971232866x | ||
| 050 |
_aQ 183 _b.B726 2000 |
||
| 082 |
_aFIL303.483 _bC68 2000 |
||
| 100 | _aBorbon, Veronica L. | ||
| 245 |
_aCollege Science, Technology and Society _cVeronica L. Borbon (and 4 others). |
||
| 260 |
_aManila : _bRex Book Store, _c2000. |
||
| 300 |
_av, 323 pages ; _c23 cm. |
||
| 500 | _aIncludes bibliographical references. | ||
| 526 | _c1210L-1700L | ||
| 562 | _e5 | ||
| 942 |
_2lcc _cBK _kFIL |
||
| 999 |
_c17643 _d17643 |
||